| 000 | 00411nam a2200133Ia 4500 | ||
|---|---|---|---|
| 008 | 130320s9999 xx 000 0 und d | ||
| 100 | _aKavitha J | ||
| 245 | _aKerala karshakan - An interactive e-publishing journal for Kissan | ||
| 502 |
_bMSc CS _dEXT _eAjith Kumar R _hMahathma Gandhi University, Kottayam |
||
| 650 | _aE-JOUNAL | ||
| 650 | _aFARM INFORMATION BUREA | ||
| 650 | _aKISSAN | ||
| 700 | _aSwapna A.K | ||
| 999 |
_c2670 _d2670 |
||